South American Geography by Letter - J - Statistics

General Stats
  • This quiz has been taken 68 times
  • The average score is 6 of 16
Answer Stats
Clue Answer % Correct
Largest cat species in South America Jaguar
97%
Figure depicted by a famous statue in Rio de Janeiro Jesus
83%
"Rio de Janeiro" meaning in English: River of ______ January
77%
Archipelago located 670 kilometers off the coast of Chile {Juan} Fernández
63%
Around 200,000 of these people live in Argentina, the most in Latin America Jews
62%
Asian group in Liberdade, São Paulo Japanese
60%
Guyanese settlement where a deadly massacre took place in 1978 Jonestown
48%
Easternmost major city in the Americas João Pessoa
28%
Province in northern Argentina Jujuy
25%
Largest city in Santa Catarina Joinville
17%
Coastal national park in Ceará {Jeri}coacoara
10%
Bahian city located just south of Petrolina, Pernambuco Juazeiro
10%
Popular festival in northeastern Brazil Festa {Junina}
7%
Stork species found east of the Andes Jabiru
3%
Third longest Amazon River tributary Rio {Japurá}
3%
Sixth longest tributary Rio {Juruá}
3%
No matching quizzes found
Score Distribution
Percent of People with Each Score
Percentile by Number Answered
Your Score History
You have not taken this quiz